000 00301nam a22001337a 4500
008 180228b xxu||||| |||| 00| 0 eng d
020 _a9781590842232
041 _aeng
080 _a61
100 _a3
101 _aSHM
245 _aMAYO CLINIC ON DIGESTIVE HEALTH
_cJOHN.E.K
942 _2udc
_cBK
999 _c43707
_d43707